The American system of government / (Record no. 1723)

MARC details
000 -LEADER
fixed length control field 00844pam a2200277 a 4500
001 - CONTROL NUMBER
control field 3295654
003 - CONTROL NUMBER IDENTIFIER
control field OSt
005 - DATE AND TIME OF LATEST TRANSACTION
control field 20230620132016.0
008 - FIXED-LENGTH DATA ELEMENTS--GENERAL INFORMATION
fixed length control field 830426s1983 enk b 001 0 eng
010 ## - LIBRARY OF CONGRESS CONTROL NUMBER
LC control number 83008226
020 ## - INTERNATIONAL STANDARD BOOK NUMBER
International Standard Book Number 0416350909
020 ## - INTERNATIONAL STANDARD BOOK NUMBER
International Standard Book Number 041635100X (University paperbacks : pbk.)
040 ## - CATALOGING SOURCE
Original cataloging agency DLC
Transcribing agency DLC
Modifying agency DLC
043 ## - GEOGRAPHIC AREA CODE
Geographic area code n-us---
082 00 - DEWEY DECIMAL CLASSIFICATION NUMBER
Classification number 320.97
Item number GRI
100 1# - MAIN ENTRY--PERSONAL NAME
Personal name Griffith, Ernest Stacey,
Dates associated with a name 1896-
245 14 - TITLE STATEMENT
Title The American system of government /
Statement of responsibility, etc. Ernest S. Griffith.
250 ## - EDITION STATEMENT
Edition statement 4th rev. ed., American 6th rev. ed.
260 ## - PUBLICATION, DISTRIBUTION, ETC. (IMPRINT)
Place of publication, distribution, etc. London ;
-- New York :
Name of publisher, distributor, etc. Methuen,
Date of publication, distribution, etc. 1983.
300 ## - PHYSICAL DESCRIPTION
Extent xi, 203 p. ;
Dimensions 21 cm.
500 ## - GENERAL NOTE
General note Includes index.
504 ## - BIBLIOGRAPHY, ETC. NOTE
Bibliography, etc Bibliography: p. [188]-191.
651 #0 - SUBJECT ADDED ENTRY--GEOGRAPHIC NAME
Geographic name United States
General subdivision Politics and government.
906 ## - LOCAL DATA ELEMENT F, LDF (RLIN)
a 7
b cbc
c orignew
d 1
e ocip
f 19
g y-gencatlg
942 ## - ADDED ENTRY ELEMENTS (KOHA)
Source of classification or shelving scheme Dewey Decimal Classification
Koha item type Books
Holdings
Withdrawn status Lost status Source of classification or shelving scheme Damaged status Not for loan Home library Current library Date acquired Total Checkouts Full call number Barcode Date last seen Price effective from Koha item type
    Dewey Decimal Classification     County Hall Archives County Hall Archives 06/20/2023   320.97 GRI 10000794 06/20/2023 06/20/2023 Books
LIBRARY OPENING HOURS

When the Parliament is sitting: 8.00a.m - 7.00p.m or until the house adjourns
Mondays and Fridays and when the House is on Recess:  8.00a.m - 5.00p.m
Closed on Weekends and Public Holidays

Online Public Access Catalog (OPAC)
Website: http://www.parliament.go.ke
Bunge Library: https://libraryir.parliament.go.ke
Contact: library@parliament.go.ke | Tel no: (254-2)2221291 or 2848000 Ext 5043